[Event "Open Letní Praha 2018 - B"]
[Site "Praha"]
[Date "2018.08.03"]
[Round "1"]
[Board "4"]
[White "Shivika, Rohilla"]
[Black "Janacek, Jaroslav"]
[Result "0-1"]
[WhiteElo "1527"]
[BlackElo "2006"]
[PlyCount "124"]
[EventDate "2018.08.03"]
[EventRounds "9"]
[EventCountry "CZE"]

1. e4 d6 2. d4 Nf6 3. Nc3 Nbd7 4. Nf3 e5 5. dxe5 dxe5 6. Bc4 Be7 7. O-O c6 8.
a3 Qc7 9. Be3 h6 10. Qe2 Nf8 11. Rad1 Ng6 12. h3 Nh5 13. Qd2 Nhf4 14. Ne2 b5
15. Ba2 O-O 16. Nxf4 exf4 17. Bd4 a5 18. Qc1 b4 19. b3 c5 20. Bb2 Be6 21. Qa1
f6 22. Rfe1 Ra6 23. c3 Re8 24. cxb4 axb4 25. a4 Rd8 26. Rxd8+ Bxd8 27. Qc1 Qe7
28. Rd1 Bc7 29. Rd2 Ne5 30. Nxe5 fxe5 31. Qf1 Bc8 32. Bb1 Rg6 33. Kh1 f3 34. g3
Rd6 35. Rxd6 Qxd6 36. Kh2 Be6 37. Bc2 Qd2 38. Bc1 Qxc2 39. Be3 c4 40. bxc4 Bxc4
41. Qc1 Qxc1 42. Bxc1 Bb3 43. Bd2 Ba5 44. Bc1 Bxa4 45. Bb2 Bc7 46. g4 Kf7 47.
Kg3 Bd1 48. Bc1 Bb6 49. Bb2 Bd4 50. Bc1 Bb6 51. Bb2 Bd4 52. Bc1 b3 53. h4 b2
54. Bxb2 Bxb2 55. h5 Kf6 56. Kh4 Bd4 57. Kg3 Kg5 58. Kh3 Bxf2 59. Kh2 Kxg4 60.
Kh1 Be2 61. Kh2 Bh4 62. Kh1 f2  0-1

[Event "Open Letní Praha 2018 - B"]
[Site "Praha"]
[Date "2018.08.03"]
[Round "1"]
[Board "5"]
[White "Jaeger, Andre"]
[Black "Cuyx, Tomas"]
[Result "1-0"]
[WhiteElo "1974"]
[BlackElo "1525"]
[PlyCount "51"]
[EventDate "2018.08.03"]
[EventRounds "9"]
[EventCountry "CZE"]

1. d4 Nf6 2. c4 c5 3. Nf3 e6 4. Nc3 cxd4 5. Nxd4 a6 6. g3 Nc6 7. Bg2 Bc5 8. Nc2
O-O 9. O-O Ne7 10. b4 Ba7 11. c5 Ng6 12. Bb2 Rb8 13. Na4 b6 14. cxb6 Bxb6 15.
Nxb6 Rxb6 16. Bd4 Rd6 17. Qc1 Rxd4 18. Nxd4 Qb6 19. Qc5 Qb8 20. Rab1 Bb7 21.
Bxb7 Qxb7 22. Rfc1 Ne4 23. Qc2 Ng5 24. f3 Qd5 25. Qc5 Qxa2 26. Qxg5  1-0

[Event "Open Letní Praha 2018 - B"]
[Site "Praha"]
[Date "2018.08.03"]
[Round "1"]
[Board "9"]
[White "Salykin, Aleksandr"]
[Black "Nguyen, Thai Dang Vi"]
[Result "1-0"]
[WhiteElo "1939"]
[BlackElo "1498"]
[PlyCount "31"]
[EventDate "2018.08.03"]
[EventRounds "9"]
[EventCountry "CZE"]

1. Nf3 d5 2. d4 Nf6 3. Bf4 e6 4. e3 c5 5. c3 Nc6 6. Nbd2 Be7 7. Bd3 O-O 8. Ne5
Nh5 9. Qxh5 h6 10. Ndf3 c4 11. Bc2 Bd6 12. Qg4 Kh8 13. Nxc6 bxc6 14. Be5 Bxe5
15. Nxe5 Qc7 16. Qf4  1-0

[Event "Open Letní Praha 2018 - B"]
[Site "Praha"]
[Date "2018.08.03"]
[Round "1"]
[Board "10"]
[White "Raondi, Yan-Martin"]
[Black "Stokes, Paul C"]
[Result "0-1"]
[WhiteElo "1491"]
[BlackElo "1923"]
[PlyCount "94"]
[EventDate "2018.08.03"]
[EventRounds "9"]
[EventCountry "CZE"]

1. d4 Nf6 2. Nf3 e6 3. Bf4 c5 4. e3 b6 5. Be2 Bb7 6. Nbd2 Be7 7. h3 O-O 8. O-O
d6 9. Bh2 Nbd7 10. c3 Re8 11. Qc2 Bf8 12. Rad1 cxd4 13. exd4 Qc7 14. Rfe1 a6
15. Bd3 b5 16. a3 Rac8 17. Ne4 Nxe4 18. Bxe4 Bxe4 19. Qxe4 Nf6 20. Qd3 Qb7 21.
Bg3 a5 22. Nd2 d5 23. Rc1 Rc6 24. Nf3 Ne4 25. Nd2 Nxg3 26. Qxg3 Bd6 27. Nb3 Qb6
28. Qe3 Qc7 29. g3 g6 30. Kg2 Kg7 31. Qd3 Qb6 32. Qe3 h5 33. Nd2 b4 34. axb4
axb4 35. Nb1 bxc3 36. bxc3 Qa5 37. Rc2 Rc4 38. Rec1 Ra4 39. Qe1 Ra2 40. Rxa2
Qxa2 41. Qd1 Rb8 42. h4 Rb2 43. Qe1 Kh7 44. Kf3 Bf8 45. Kg2 Bh6 46. Rd1 Re2 47.
Qf1 Be3  0-1

[Event "Open Letní Praha 2018 - B"]
[Site "Praha"]
[Date "2018.08.03"]
[Round "1"]
[Board "11"]
[White "Tichy, Petr"]
[Black "Lamagna, Lucio"]
[Result "1-0"]
[WhiteElo "1920"]
[BlackElo "1488"]
[PlyCount "123"]
[EventDate "2018.08.03"]
[EventRounds "9"]
[EventCountry "CZE"]

1. Nf3 Nf6 2. c4 g6 3. b3 Bg7 4. Bb2 O-O 5. g3 d6 6. d4 c5 7. Bg2 Na6 8. O-O
Bd7 9. Nc3 Rb8 10. e3 Nc7 11. Rc1 cxd4 12. Nxd4 Ne6 13. Qe2 Qb6 14. Rfd1 Rfe8
15. h3 Ng5 16. Kh2 Ne6 17. Ne4 Nxe4 18. Bxe4 Nc5 19. Bg2 a6 20. Rd2 a5 21. Bc3
Na6 22. Nf3 Bc6 23. Bxg7 Kxg7 24. e4 Nc5 25. Nd4 Bd7 26. e5 Ne6 27. Rcd1 Nxd4
28. Rxd4 Bc6 29. Bd5 Bxd5 30. Rxd5 dxe5 31. Rxe5 Rbd8 32. Rxd8 Qxd8 33. Rd5 Qc7
34. Qe3 Rd8 35. Qc3+ Kg8 36. Qxa5 b6 37. Qd2 Rxd5 38. Qxd5 Qa7 39. Qd8+ Kg7 40.
Qd4+ Kg8 41. Qd2 Qb8 42. b4 Qb7 43. c5 bxc5 44. bxc5 Qc6 45. Qd8+ Kg7 46. Qxe7
Qf3 47. Qe5+ Kg8 48. Qd4 Qa3 49. Qc4 Qb2 50. Kg2 Qb7+ 51. c6 Qc7 52. a4 Kf8 53.
Qd5 h5 54. a5 Qe7 55. a6 Qa7 56. Qd6+ Kg7 57. c7 Qa8+ 58. Kg1 Qe4 59. c8=Q Qe1+
60. Kg2 Qe4+ 61. Kh2 Qf3 62. Qe5+  1-0

[Event "Open Letní Praha 2018 - B"]
[Site "Praha"]
[Date "2018.08.03"]
[Round "1"]
[Board "12"]
[White "Levinsky, Ladislav"]
[Black "Sakovski, Roman"]
[Result "0-1"]
[WhiteElo "1479"]
[BlackElo "1894"]
[PlyCount "50"]
[EventDate "2018.08.03"]
[EventRounds "9"]
[EventCountry "CZE"]

1. Nf3 d5 2. d4 Nf6 3. Bf4 Bg4 4. Nbd2 e6 5. e3 c5 6. c3 cxd4 7. Qa4+ Nc6 8.
Nxd4 Rc8 9. f3 Bh5 10. Bb5 Qb6 11. b4 Nd7 12. Nxc6 bxc6 13. Ba6 Rd8 14. Ke2 Be7
15. e4 O-O 16. g4 Bg6 17. h4 h5 18. Bg5 Bxg5 19. hxg5 hxg4 20. exd5 gxf3+ 21.
Nxf3 exd5 22. Nd4 Rfe8+ 23. Kd2 c5 24. bxc5 Qb2+ 25. Nc2 Nxc5  0-1

[Event "Open Letní Praha 2018 - B"]
[Site "Praha"]
[Date "2018.08.03"]
[Round "1"]
[Board "13"]
[White "Mejzr, Jan"]
[Black "Engel, Tomas"]
[Result "1-0"]
[WhiteElo "1875"]
[BlackElo "1475"]
[PlyCount "41"]
[EventDate "2018.08.03"]
[EventRounds "9"]
[EventCountry "CZE"]

1. e4 e5 2. Nf3 Nc6 3. d4 exd4 4. Bc4 Nf6 5. e5 d5 6. Bb5 Ne4 7. Nxd4 Bd7 8.
Bxc6 bxc6 9. O-O Bc5 10. f3 Ng5 11. f4 Ne6 12. c3 O-O 13. f5 Ng5 14. f6 gxf6
15. exf6 Ne4 16. Qh5 Nxf6 17. Qg5+ Kh8 18. Qxf6+ Qxf6 19. Rxf6 Kg7 20. Rf1 Rae8
21. Bf4  1-0

[Event "Open Letní Praha 2018 - B"]
[Site "Praha"]
[Date "2018.08.04"]
[Round "2"]
[Board "1"]
[White "Nyman, John C H"]
[Black "Benes, Petr"]
[Result "0-1"]
[WhiteElo "1780"]
[BlackElo "2094"]
[PlyCount "102"]
[EventDate "2018.08.03"]
[EventRounds "9"]
[EventCountry "CZE"]

1. e4 Nc6 2. d4 e5 3. Nf3 exd4 4. Nxd4 Bb4+ 5. c3 Bc5 6. Be3 Bb6 7. Nxc6 bxc6
8. Bxb6 axb6 9. Bd3 Nf6 10. O-O d6 11. Nd2 O-O 12. Qf3 Re8 13. a3 Bd7 14. Rfe1
Ra5 15. Nc4 Rh5 16. Ne3 Rhe5 17. Nc4 R5e6 18. Re3 b5 19. Nd2 d5 20. Rae1 dxe4
21. Nxe4 Nd5 22. R3e2 Rg6 23. Ng3 Rxe2 24. Qxe2 Re6 25. Qd2 g6 26. Rxe6 Bxe6
27. Be4 Qd6 28. Bf3 Qe5 29. h3 h5 30. Ne4 Nb6 31. Ng5 Bd5 32. Bxd5 cxd5 33. Nf3
Qe4 34. Nd4 Nc4 35. Qc1 Nd6 36. Qf1 Qe8 37. b3 c5 38. Nf3 Qe4 39. Qd1 Nf5 40.
a4 bxa4 41. bxa4 d4 42. cxd4 Nxd4 43. Nxd4 cxd4 44. a5 d3 45. Kf1 Qc4 46. Qd2
Qc2 47. Ke1 Qb1+ 48. Qd1 Qb5 49. Qa1 Qb4+ 50. Kd1 Qb3+ 51. Ke1 Qe6+  0-1

[Event "Open Letní Praha 2018 - B"]
[Site "Praha"]
[Date "2018.08.04"]
[Round "2"]
[Board "2"]
[White "Kovar, Josef"]
[Black "Lombardi, Michele"]
[Result "1-0"]
[WhiteElo "2040"]
[BlackElo "1777"]
[PlyCount "65"]
[EventDate "2018.08.03"]
[EventRounds "9"]
[EventCountry "CZE"]

1. e4 e5 2. Nf3 Nc6 3. Bc4 Bc5 4. b4 Bxb4 5. c3 Ba5 6. O-O Nf6 7. d4 exd4 8. e5
d5 9. exf6 dxc4 10. Re1+ Be6 11. fxg7 Rg8 12. Ng5 Qf6 13. Nxe6 fxe6 14. Qh5+
Kd7 15. Bh6 Rae8 16. Nd2 Qf5 17. Qh4 Re7 18. Ne4 Rf7 19. g4 Rgxg7 20. Bxg7 Rxg7
21. Kf1 Qf3 22. Nc5+ Kc8 23. Qh6 Re7 24. Rxe6 Qh1+ 25. Ke2 Qxa1 26. Qf8+ Nd8
27. Qxe7 d3+ 28. Ke3 Qe1+ 29. Kf3 Qd1+ 30. Kf4 Qd2+ 31. Kg3 c6 32. Rxc6+ bxc6
33. Qd7+  1-0

[Event "Open Letní Praha 2018 - B"]
[Site "Praha"]
[Date "2018.08.04"]
[Round "2"]
[Board "3"]
[White "Barabas, Ales"]
[Black "Ilandzis, Spyridon"]
[Result "0-1"]
[WhiteElo "1767"]
[BlackElo "2009"]
[PlyCount "114"]
[EventDate "2018.08.03"]
[EventRounds "9"]
[EventCountry "CZE"]

1. Nf3 c5 2. g3 Nc6 3. Bg2 g6 4. O-O Bg7 5. c3 e5 6. d3 d5 7. e4 Nge7 8. Nbd2
O-O 9. h3 b6 10. Qa4 Bb7 11. b4 d4 12. cxd4 Nxb4 13. dxc5 bxc5 14. Nc4 Bc6 15.
Qb3 Rb8 16. Bg5 h6 17. Bxe7 Qxe7 18. Qc3 Rfd8 19. Rfd1 Ba4 20. Rd2 Nc6 21. Ne3
Nd4 22. Nd5 Rxd5 23. exd5 Nxf3+ 24. Bxf3 e4 25. d4 exf3 26. Qxf3 Bxd4 27. Re2
Qf6 28. Qxf6 Bxf6 29. Rae1 Rd8 30. Re4 Bd4 31. Re7 Rxd5 32. Rxa7 Bc6 33. Rc7
Rd6 34. Re2 Rf6 35. Rd2 Kf8 36. Re2 c4 37. Rc8+ Kg7 38. Rd2 Bb6 39. Rc2 Be4 40.
R8xc4 Bxc2 41. Rxc2 Rf3 42. Kg2 Ra3 43. Rb2 Ba7 44. Rc2 Kf6 45. Re2 Ra5 46. Rb2
Ke6 47. f4 Bd4 48. Rd2 Kd5 49. Re2 Ra3 50. Rd2 Ke4 51. Re2+ Re3 52. Rd2 h5 53.
a4 Rd3 54. Re2+ Be3 55. g4 hxg4 56. hxg4 Kxf4 57. Kh3 Bb6+  0-1

[Event "Open Letní Praha 2018 - B"]
[Site "Praha"]
[Date "2018.08.04"]
[Round "2"]
[Board "4"]
[White "Janacek, Jaroslav"]
[Black "Lang, Anders"]
[Result "1-0"]
[WhiteElo "2006"]
[BlackElo "1758"]
[PlyCount "65"]
[EventDate "2018.08.03"]
[EventRounds "9"]
[EventCountry "CZE"]

1. Nf3 Nf6 2. c4 Nc6 3. g3 e5 4. Bg2 Bc5 5. O-O d6 6. Nc3 a6 7. a3 O-O 8. b4
Bd4 9. Bb2 Bxc3 10. Bxc3 Ne7 11. e3 Bg4 12. h3 Be6 13. Qe2 Ne4 14. Bb2 Ng6 15.
d3 Ng5 16. Nxg5 Qxg5 17. h4 Nxh4 18. gxh4 Qxh4 19. Qf3 f5 20. Qg3 Qe7 21. f4
Rf6 22. fxe5 Rg6 23. exd6 cxd6 24. Qf3 Rf8 25. Rf2 f4 26. exf4 Qh4 27. Re1 h6
28. Rxe6 Rxe6 29. Qd5 Qg4 30. f5 Kh7 31. Qxe6 Qd1+ 32. Rf1 Qxd3 33. Qg6+  1-0

[Event "Open Letní Praha 2018 - B"]
[Site "Praha"]
[Date "2018.08.04"]
[Round "2"]
[Board "5"]
[White "Grabarczyk, Sylwester Piotr"]
[Black "Jaeger, Andre"]
[Result "1-0"]
[WhiteElo "1751"]
[BlackElo "1974"]
[PlyCount "71"]
[EventDate "2018.08.03"]
[EventRounds "9"]
[EventCountry "CZE"]

1. e4 c5 2. Nc3 e6 3. Bc4 Nc6 4. f4 a6 5. a4 Nf6 6. Nf3 d5 7. e5 dxc4 8. exf6
Qxf6 9. O-O Be7 10. d3 cxd3 11. Qxd3 O-O 12. Ne4 Qf5 13. c3 Rd8 14. Qe2 b6 15.
Nfg5 h6 16. Nh3 Qd5 17. Nhf2 Bb7 18. Be3 Na5 19. Rad1 Qc6 20. b4 cxb4 21. cxb4
Rxd1 22. Rxd1 Bxb4 23. Rc1 Qxa4 24. Qg4 Bxe4 25. Nxe4 Be7 26. f5 exf5 27. Nf6+
Bxf6 28. Qxa4 Bg5 29. Bxg5 hxg5 30. Qd7 Nb3 31. Rc7 Rf8 32. Qxf5 Nd4 33. Qd3
Ne6 34. Rc6 Nc5 35. Qf5 Re8 36. Rc8  1-0

[Event "Open Letní Praha 2018 - B"]
[Site "Praha"]
[Date "2018.08.04"]
[Round "2"]
[Board "7"]
[White "Melkevik, Egil"]
[Black "Salykin, Aleksandr"]
[Result "1-0"]
[WhiteElo "1733"]
[BlackElo "1939"]
[PlyCount "50"]
[EventDate "2018.08.03"]
[EventRounds "9"]
[EventCountry "CZE"]

1. d4 d5 2. Bf4 Nf6 3. e3 c5 4. Nf3 Qb6 5. Nc3 a6 6. Rb1 cxd4 7. exd4 Nc6 8.
Ne5 Qxd4 9. Qxd4 Nxd4 10. Na4 Bf5 11. Nb6 Rd8 12. Rc1 Nxc2+ 13. Kd1 Nd4 14. Rc7
Rb8 15. Rc1 Rd8 16. Rc7 Rb8 17. Rc1 Ne4 18. Nd3 e5 19. Bxe5 Bd6 20. Bxd4 O-O
21. f3 Ng5 22. h4 Ne6 23. Be5 Rbd8 24. Bxd6 Rxd6 25. Nc8 Rd7  1-0

[Event "Open Letní Praha 2018 - B"]
[Site "Praha"]
[Date "2018.08.04"]
[Round "2"]
[Board "8"]
[White "Stokes, Paul C"]
[Black "Lansky, Petr"]
[Result "0-1"]
[WhiteElo "1923"]
[BlackElo "1668"]
[PlyCount "100"]
[EventDate "2018.08.03"]
[EventRounds "9"]
[EventCountry "CZE"]

1. d4 Nf6 2. Nf3 d5 3. c4 e6 4. g3 c6 5. Bg2 dxc4 6. O-O Nbd7 7. Qc2 Nd5 8.
Qxc4 Be7 9. e4 N5b6 10. Qe2 Nf6 11. Nc3 O-O 12. Rd1 h6 13. Bf4 Nh5 14. Be3 Nf6
15. Rac1 Bb4 16. Ne5 Qc7 17. Nd3 Be7 18. Bf4 Qd8 19. Nc5 Nh7 20. h4 g5 21. hxg5
Bxg5 22. Bxg5 Qxg5 23. e5 Nd5 24. N3e4 Qg6 25. Nd6 Rb8 26. Rd3 b6 27. Rb3 Ra8
28. Nce4 Bd7 29. f4 f5 30. Nd2 Kh8 31. Kf2 Rg8 32. Bxd5 cxd5 33. Rbc3 a6 34. a3
Nf8 35. Nf1 Qg7 36. Rc7 Ng6 37. Qe3 Nf8 38. Rb7 b5 39. Rcc7 Qh7 40. Nd2 Rg7 41.
Nb3 h5 42. Nc5 h4 43. Nxf5 exf5 44. e6 hxg3+ 45. Ke1 g2 46. Nxd7 g1=Q+ 47. Qxg1
Rxg1+ 48. Kd2 Nxe6 49. Nf6 Qh2+ 50. Kc3 Rc1+  0-1

[Event "Open Letní Praha 2018 - B"]
[Site "Praha"]
[Date "2018.08.04"]
[Round "2"]
[Board "9"]
[White "Karlsson, Henrik"]
[Black "Tichy, Petr"]
[Result "1-0"]
[WhiteElo "1702"]
[BlackElo "1920"]
[PlyCount "39"]
[EventDate "2018.08.03"]
[EventRounds "9"]
[EventCountry "CZE"]

1. e4 c5 2. Nc3 d6 3. f4 Nf6 4. Nf3 g6 5. Bc4 e6 6. d3 Bg7 7. O-O Nc6 8. Qe1
O-O 9. f5 exf5 10. Qh4 Qb6 11. Rb1 Na5 12. Nd5 Nxd5 13. Bxd5 h5 14. Ng5 Nc6 15.
exf5 Bd4+ 16. Kh1 Bxf5 17. Rxf5 gxf5 18. Qxh5 Kg7 19. Nxf7 Rh8 20. Bh6+  1-0

[Event "Open Letní Praha 2018 - B"]
[Site "Praha"]
[Date "2018.08.04"]
[Round "2"]
[Board "10"]
[White "Karlsson, Peter"]
[Black "Olsen, Geir"]
[Result "1-0"]
[WhiteElo "1783"]
[BlackElo "1472"]
[PlyCount "93"]
[EventDate "2018.08.03"]
[EventRounds "9"]
[EventCountry "CZE"]

1. e4 d5 2. exd5 Nf6 3. c4 e6 4. d4 exd5 5. Nc3 Bb4 6. Bg5 Be6 7. Qb3 Nc6 8.
Nf3 Qe7 9. O-O-O O-O 10. Nxd5 Bxd5 11. cxd5 Na5 12. Qc2 Bd6 13. Bd3 h6 14. Rhe1
Qd8 15. Bh4 Bf4+ 16. Kb1 g5 17. Bg3 Bxg3 18. hxg3 Nxd5 19. Qd2 Nc6 20. Bc2 Kg7
21. Qd3 Rh8 22. Qf5 Nde7 23. Qg4 Qd6 24. Ne5 Nb4 25. Bb3 Nbd5 26. f4 f5 27. Qh5
Qf6 28. Qf3 c6 29. fxg5 hxg5 30. Bc2 Nb4 31. Bb3 Nbd5 32. Qd3 Rae8 33. Nd7 Qd6
34. Ne5 Qf6 35. Qd2 Ng6 36. Bc2 Nxe5 37. dxe5 Rxe5 38. Rxe5 Qxe5 39. Qxg5+ Kf7
40. Bxf5 Rg8 41. Qh5+ Ke7 42. g4 Qf6 43. Re1+ Kd8 44. Qh2 Nc7 45. Rd1+ Nd5 46.
Qb8+ Ke7 47. Qxg8  1-0

[Event "Open Letní Praha 2018 - B"]
[Site "Praha"]
[Date "2018.08.04"]
[Round "2"]
[Board "11"]
[White "Sakovski, Roman"]
[Black "Veselsky, Jan"]
[Result "1-0"]
[WhiteElo "1894"]
[BlackElo "1654"]
[PlyCount "95"]
[EventDate "2018.08.03"]
[EventRounds "9"]
[EventCountry "CZE"]

1. d4 c5 2. Nf3 e6 3. e4 Nf6 4. Bg5 h6 5. Bh4 g5 6. e5 gxh4 7. exf6 Qxf6 8. Nc3
cxd4 9. Ne4 Qg7 10. Qxd4 Qxd4 11. Nxd4 Be7 12. Nb5 Na6 13. Nbd6+ Kf8 14. Bxa6
bxa6 15. O-O-O Rg8 16. Rhg1 f5 17. Nc5 Bxd6 18. Rxd6 Ke7 19. Rd4 d6 20. Nd3 Rg4
21. Rxg4 fxg4 22. Re1 Kf6 23. Re4 e5 24. f4 Kf5 25. Rb4 Be6 26. fxe5 dxe5 27.
b3 Bd5 28. g3 hxg3 29. hxg3 Bf3 30. Ra4 h5 31. Rxa6 h4 32. gxh4 g3 33. Ne1 Bb7
34. Rh6 g2 35. Rh5+ Kg4 36. Rxe5 Kxh4 37. Nxg2+ Bxg2 38. c4 Kg4 39. a4 Rb8 40.
Kb2 Kf4 41. Re7 a6 42. Re6 Bb7 43. Kc3 Kf5 44. Rb6 Ke5 45. b4 a5 46. bxa5 Ke4
47. a6 Ra8 48. axb7  1-0

[Event "Open Letní Praha 2018 - B"]
[Site "Praha"]
[Date "2018.08.04"]
[Round "2"]
[Board "12"]
[White "Krupansky, Jaromir"]
[Black "Mejzr, Jan"]
[Result "1-0"]
[WhiteElo "1677"]
[BlackElo "1875"]
[PlyCount "81"]
[EventDate "2018.08.03"]
[EventRounds "9"]
[EventCountry "CZE"]

1. e4 c6 2. d4 d5 3. exd5 cxd5 4. Bd3 Nc6 5. c3 Nf6 6. Bf4 Bg4 7. Qb3 Na5 8.
Qc2 Qb6 9. Nd2 Bh5 10. Ngf3 Bg6 11. Bxg6 hxg6 12. Ng5 Rc8 13. Ndf3 Nd7 14. O-O
e6 15. Rfe1 Rc6 16. Re2 Be7 17. Rae1 O-O 18. Qd3 Qa6 19. Qc2 Nc4 20. h4 Rfc8
21. h5 Nf8 22. hxg6 Nxg6 23. Nh4 Bxg5 24. Nxg6 Bxf4 25. Nxf4 Rb6 26. Nd3 Qxa2
27. Nb4 Qa5 28. Qd3 Qb5 29. Qh3 Qd7 30. Nd3 Qd6 31. g3 Rb3 32. Kg2 Qb6 33. Rh1
Kf8 34. Qh8+ Ke7 35. Qxc8 Nxb2 36. Nxb2 Rxb2 37. Rxb2 Qxb2 38. Qc7+ Kf6 39.
Qd8+ Kf5 40. Qc7 g5 41. Qxf7+  1-0

[Event "Open Letní Praha 2018 - B"]
[Site "Praha"]
[Date "2018.08.04"]
[Round "2"]
[Board "14"]
[White "Svanda, Adam"]
[Black "Stodola, Zdenek"]
[Result "1-0"]
[WhiteElo "1841"]
[BlackElo "1621"]
[PlyCount "51"]
[EventDate "2018.08.03"]
[EventRounds "9"]
[EventCountry "CZE"]

1. c4 g6 2. Nc3 Nf6 3. g3 Bg7 4. Bg2 O-O 5. Nf3 d6 6. O-O c5 7. d4 cxd4 8. Nxd4
Qc7 9. b3 Bd7 10. Bb2 a6 11. Rc1 Nc6 12. Nd5 Qd8 13. Nxc6 bxc6 14. Nxf6+ exf6
15. Qxd6 Ra7 16. Rfd1 Qb8 17. Bxc6 Bxc6 18. Qxc6 Re8 19. e3 Re6 20. Qd5 Ra8 21.
c5 Qe8 22. c6 Rxe3 23. fxe3 Qxe3+ 24. Kh1 f5 25. Bxg7 Kxg7 26. Qd4+  1-0

[Event "Open Letní Praha 2018 - B"]
[Site "Praha"]
[Date "2018.08.04"]
[Round "2"]
[Board "15"]
[White "Kuhnmund, Ivan"]
[Black "Matys, Jakub"]
[Result "1/2-1/2"]
[WhiteElo "1626"]
[BlackElo "1830"]
[PlyCount "55"]
[EventDate "2018.08.03"]
[EventRounds "9"]
[EventCountry "CZE"]

1. e4 e6 2. Nc3 d5 3. Nf3 d4 4. Ne2 c5 5. g3 Nc6 6. Bg2 Nf6 7. O-O Be7 8. d3
O-O 9. Bg5 Qb6 10. b3 e5 11. h3 Be6 12. g4 a5 13. Ng3 a4 14. Nf5 Bd8 15. Qe2
Ra6 16. Kh1 Qa7 17. Rac1 axb3 18. axb3 Ra2 19. Bd2 Ba5 20. Ng5 Bxd2 21. Qxd2
Bxb3 22. f4 Nd7 23. fxe5 Ndxe5 24. Nxh7 Kxh7 25. Qg5 Ng6 26. cxb3 Rh8 27. Nxg7
Nce5 28. Nf5  1/2-1/2

[Event "Open Letní Praha 2018 - B"]
[Site "Praha"]
[Date "2018.08.05"]
[Round "3"]
[Board "1"]
[White "Benes, Petr"]
[Black "Guggenheim, Hans"]
[Result "1-0"]
[WhiteElo "2094"]
[BlackElo "1791"]
[PlyCount "63"]
[EventDate "2018.08.03"]
[EventRounds "9"]
[EventCountry "CZE"]

1. g3 g6 2. Bg2 Bg7 3. c4 f5 4. d4 Nf6 5. Nc3 d6 6. Nf3 O-O 7. O-O c6 8. Qb3 h6
9. Rd1 Qe8 10. Qa3 e5 11. Qxd6 e4 12. Ne5 Nbd7 13. f4 exf3 14. exf3 Nxe5 15.
dxe5 Nh7 16. f4 Be6 17. Qc5 Rf7 18. b3 Bf8 19. Qf2 Rd8 20. Be3 Bb4 21. Na4 b6
22. Rxd8 Qxd8 23. Bxc6 Rc7 24. Bf3 Rd7 25. Qe2 g5 26. Rd1 g4 27. Bd5 Kg7 28.
Qb2 Kg6 29. a3 b5 30. Nc3 Bxc3 31. Qxc3 Bxd5 32. cxd5  1-0

[Event "Open Letní Praha 2018 - B"]
[Site "Praha"]
[Date "2018.08.05"]
[Round "3"]
[Board "3"]
[White "Ilandzis, Spyridon"]
[Black "Grabarczyk, Sylwester Piotr"]
[Result "1-0"]
[WhiteElo "2009"]
[BlackElo "1751"]
[PlyCount "67"]
[EventDate "2018.08.03"]
[EventRounds "9"]
[EventCountry "CZE"]

1. d4 Nf6 2. c4 e5 3. dxe5 Ng4 4. Bf4 Bb4+ 5. Nd2 Nc6 6. Ngf3 Qe7 7. e3 Ngxe5
8. Nxe5 Nxe5 9. Be2 a5 10. a3 Bc5 11. O-O Ng6 12. Bg3 d6 13. b4 Bb6 14. Nb3
axb4 15. axb4 Rxa1 16. Qxa1 O-O 17. c5 dxc5 18. bxc5 Bxc5 19. Nxc5 Qxc5 20. Rc1
Qg5 21. Rxc7 h5 22. Qc3 Be6 23. Rc5 f5 24. Rc7 Bf7 25. Bc4 f4 26. exf4 Nxf4 27.
Rxf7 Ne2+ 28. Bxe2 Kxf7 29. h4 Qe7 30. Qf3+ Ke8 31. Qd3 Rf6 32. Qb5+ Kf8 33.
Qxh5 Re6 34. Qh8+  1-0

[Event "Open Letní Praha 2018 - B"]
[Site "Praha"]
[Date "2018.08.05"]
[Round "3"]
[Board "4"]
[White "Janacek, Jaroslav"]
[Black "Melkevik, Egil"]
[Result "1-0"]
[WhiteElo "2006"]
[BlackElo "1733"]
[PlyCount "75"]
[EventDate "2018.08.03"]
[EventRounds "9"]
[EventCountry "CZE"]

1. Nf3 b6 2. g3 Bb7 3. Bg2 e6 4. c4 f5 5. b3 Nf6 6. Ba3 d6 7. Nc3 Be7 8. O-O
Nbd7 9. Ng5 Bxg2 10. Nxe6 Qc8 11. Kxg2 Ne5 12. Nb5 Kf7 13. Nbxc7 Qb7+ 14. Kg1
Ne4 15. f3 Nf6 16. d4 Ned7 17. d5 Rac8 18. Nb5 Ne8 19. Nbd4 Bf6 20. Nxf5 Qa6
21. Bxd6 Bxa1 22. Qxa1 Ndf6 23. Be5 Qb7 24. Nexg7 Qd7 25. e4 Nxg7 26. Nxg7 Qe7
27. Nf5 Qd8 28. Nd6+ Kg6 29. Nxc8 Re8 30. Nxa7 Nd7 31. Nc6 Qg5 32. f4 Qh5 33.
Qd1 Qh3 34. Qf3 Nc5 35. Nd4 Qd7 36. f5+ Kf7 37. Qh5+ Ke7 38. Qxh7+  1-0

[Event "Open Letní Praha 2018 - B"]
[Site "Praha"]
[Date "2018.08.05"]
[Round "3"]
[Board "5"]
[White "Kashkarov, Mikhail"]
[Black "Karlsson, Henrik"]
[Result "1-0"]
[WhiteElo "1947"]
[BlackElo "1702"]
[PlyCount "107"]
[EventDate "2018.08.03"]
[EventRounds "9"]
[EventCountry "CZE"]

1. d4 Nf6 2. Nf3 b6 3. c4 e6 4. a3 Bb7 5. Nc3 c5 6. d5 exd5 7. cxd5 d6 8. e4
Be7 9. Bc4 O-O 10. O-O Nbd7 11. h3 Re8 12. Bf4 a6 13. a4 Bf8 14. Re1 Ne5 15.
Nxe5 dxe5 16. Bg5 Qd6 17. Qf3 Nd7 18. Rad1 Be7 19. Bc1 Rf8 20. Qg3 Rad8 21. Qd3
Nb8 22. Ne2 Bh4 23. Rf1 Bc8 24. Ng3 Bxg3 25. fxg3 Bd7 26. b3 b5 27. axb5 axb5
28. Bxb5 Bxb5 29. Qxb5 Nd7 30. Rf3 Nf6 31. Qe2 Rb8 32. Bg5 Nd7 33. Qc2 Qb6 34.
Kh2 f6 35. Bd2 Rfc8 36. g4 Qb5 37. Be1 Rb7 38. Rc3 Rcb8 39. Bf2 Rc7 40. Rc1
Rbc8 41. Rc4 Nb6 42. Rxc5 Rxc5 43. Bxc5 Nd7 44. b4 Nb6 45. d6 Qd7 46. Qa2+ Kh8
47. Ra1 h5 48. Bxb6 Qxd6 49. Bc5 Qd3 50. Qa6 Qd7 51. gxh5 Rd8 52. h6 Qd2 53.
hxg7+ Kxg7 54. Rf1  1-0

[Event "Open Letní Praha 2018 - B"]
[Site "Praha"]
[Date "2018.08.05"]
[Round "3"]
[Board "6"]
[White "Krupansky, Jaromir"]
[Black "Sakovski, Roman"]
[Result "0-1"]
[WhiteElo "1677"]
[BlackElo "1894"]
[PlyCount "74"]
[EventDate "2018.08.03"]
[EventRounds "9"]
[EventCountry "CZE"]

1. e4 d6 2. d4 e5 3. dxe5 Nc6 4. Nc3 Nxe5 5. Be2 Bd7 6. f4 Ng6 7. Nf3 f5 8. O-O
Nf6 9. Bd3 fxe4 10. Nxe4 Be7 11. Re1 Bc6 12. Neg5 Nf8 13. Nd4 Bd7 14. f5 h6 15.
Nge6 Bxe6 16. fxe6 c6 17. Nf5 Rg8 18. Nxe7 Qxe7 19. c4 O-O-O 20. Qa4 Kb8 21.
Be3 c5 22. b4 g5 23. bxc5 dxc5 24. Bf5 Ng6 25. g3 Nf4 26. Rad1 Rxd1 27. Rxd1
Ne2+ 28. Kf2 Nc3 29. Qc2 Nxd1+ 30. Qxd1 Rd8 31. Qf3 Qd6 32. Bh3 Rf8 33. Kg1 Ne4
34. Qe2 Nc3 35. Qh5 Qd3 36. Bxc5 Qb1+ 37. Kg2 Qf1#  0-1

[Event "Open Letní Praha 2018 - B"]
[Site "Praha"]
[Date "2018.08.05"]
[Round "3"]
[Board "7"]
[White "Koper, Stefan"]
[Black "Udval, Batkhishig"]
[Result "1/2-1/2"]
[WhiteElo "1852"]
[BlackElo "1608"]
[PlyCount "73"]
[EventDate "2018.08.03"]
[EventRounds "9"]
[EventCountry "CZE"]

1. d4 e6 2. c4 f5 3. g3 Nf6 4. Bg2 Bb4+ 5. Bd2 Bxd2+ 6. Nxd2 O-O 7. e3 d6 8.
Qb3 c6 9. Ne2 Qc7 10. Rc1 e5 11. c5+ d5 12. dxe5 Qxe5 13. Qc2 Nbd7 14. O-O Ne4
15. b4 Qf6 16. f4 Re8 17. Nxe4 fxe4 18. h3 Nf8 19. Qc3 Bd7 20. Qxf6 gxf6 21. f5
a5 22. a3 axb4 23. axb4 Ra4 24. Rb1 Ra3 25. Nf4 Rxe3 26. b5 Rc3 27. bxc6 Bxc6
28. Nh5 Nd7 29. Rf4 Kf7 30. Rh4 Nxc5 31. g4 e3 32. Nf4 e2 33. Re1 Rce3 34.
Rxh7+ Kg8 35. Rh6 Nd3 36. Nxd3 Rxd3 37. Rxf6  1/2-1/2